000 00455nam a2200145Ia 4500
008 240729s9999 xx 000 0 und d
022 _a1944-9682
245 0 _aUrban Library Journal
260 _aUnited States
260 _bLibrary Association of the City University of New York
650 _aBibliography. Library science. Information resources
856 _uhttps://doaj.org/toc/97150db2800e4ffca3cfe54f1f7745a8
942 _2ddc
942 _cDOAJEJ
999 _c66033
_d66033
945 _a1
_bMadushi Gamage
_c1
_dMadushi Gamage